000 00563nam a2200181Ia 4500
008 240729s9999 xx 000 0 und d
022 _a2598-6279
245 0 _aIJEMS (Indonesian Journal of Environmental Management and Sustainability)
260 _aIndonesia
260 _bARTS Publishing Corp.
650 _a Biology (General)
650 _a Ecology
650 _a Environmental sciences | Science
650 _aGeography. Anthropology. Recreation
856 _uhttps://doaj.org/toc/a01b81caeb7c47f192b6a010e14cb0bc
942 _2ddc
942 _cDOAJEJ
999 _c70497
_d70497
945 _a1
_bMadushi Gamage
_c1
_dMadushi Gamage